[Event "CFriend AP-2005-Q-00005 email"]
[Site "Chessfriend.com"]
[Date "2005.02.20"]
[Round "1"]
[White "Gazizov, Marsel"]
[Black "Malmstrom, Jan"]
[Result "0-1"]
[WhiteElo "1727"]
[BlackElo "1915"]
[PlyCount "22"]
[EventDate "2005.??.??"]
[EventType "tourn (corr)"]
[EventRounds "12"]
[SourceTitle "Corr 2024"]
[Source "ChessBase"]
[SourceDate "2023.10.19"]
[SourceVersion "1"]
[SourceVersionDate "2023.10.19"]
[SourceQuality "1"]

1. d4 Nf6 2. c4 g6 3. Nc3 d6 4. e4 Bg7 5. Nf3 0-0 6. Be2 c5 7. 0-0 cxd4 8. Nxd4 Bd7 9. Be3 Nc6 10. Rc1 Rc8 11. f3 Qa5 0-1

[Event "CFriend AP-2004-Q-00008 email"]
[Site "Chessfriend.com"]
[Date "2004.03.06"]
[Round "?"]
[White "Jimenez, Joaquin Rodrigo"]
[Black "Gazizov, Marsel"]
[Result "1-0"]
[WhiteElo "2077"]
[BlackElo "2200"]
[PlyCount "51"]
[EventDate "2004.??.??"]
[EventType "tourn (corr)"]
[EventRounds "12"]
[SourceTitle "Corr 2008"]
[Source "ChessBase"]
[SourceDate "2008.06.24"]
[SourceVersion "1"]
[SourceVersionDate "2008.06.24"]
[SourceQuality "1"]

1. e4 e5 2. Nf3 Nf6 3. Nxe5 d6 4. Nf3 Nxe4 5. d4 d5 6. Bd3 Nc6 7. 0-0 Be7 8. c4 Nb4 9. Be2 0-0 10. a3 Nc6 11. cxd5 Qxd5 12. Nc3 Nxc3 13. bxc3 Bf5 14. Bf4 Na5 15. Bxc7 Rac8 16. Bxa5 Qxa5 17. c4 Bf6 18. Bd3 Bg4 19. h3 Be6 20. Qb3 Rfd8 21. Rad1 b6 22. d5 Bd7 23. Qb4 Qc5 24. Rb1 Re8 25. Rfe1 g6 26. Rxe8+ 1-0

[Event "CFriend AP-2004-Q-00008 email"]
[Site "Chessfriend.com"]
[Date "2004.03.06"]
[Round "?"]
[White "Ronczkowski, Manfred"]
[Black "Gazizov, Marsel"]
[Result "1-0"]
[WhiteElo "2506"]
[BlackElo "2200"]
[PlyCount "39"]
[EventDate "2004.??.??"]
[EventType "tourn (corr)"]
[EventRounds "12"]
[SourceTitle "Corr 2008"]
[Source "ChessBase"]
[SourceDate "2008.06.24"]
[SourceVersion "1"]
[SourceVersionDate "2008.06.24"]
[SourceQuality "1"]

1. d4 Nf6 2. c4 e6 3. Nc3 d5 4. Nf3 c6 5. Bg5 dxc4 6. e4 b5 7. e5 h6 8. Bh4 g5 9. Nxg5 hxg5 10. Bxg5 Nbd7 11. exf6 Bb7 12. g3 c5 13. d5 Qb6 14. Bg2 0-0-0 15. 0-0 b4 16. Rb1 Qa6 17. dxe6 Bxg2 18. e7 Bxf1 19. Kxf1 Bxe7 20. fxe7 1-0